Алгоритмы и структуры данных. Новая версия для Оберона CD: пер. с англ.

Podrobná bibliografie
Hlavní autor: Вирт Н. Никлаус
Shrnutí:В классическом учебнике тьюринговского лауреата Н.Вирта аккуратно, на тщательно подобранных примерах прорабатываются основные темы алгоритмики - сортировка и поиск, рекурсия, динамические структуры данных.Перевод на русский язык выполнен заново, все рассуждения и программы проверены и исправлены, часть примеров по согласованию с автором переработана с целью максимального прояснения их логики (в том числе за счет использования цикла Дейкстры). Нотацией примеров теперь служит Оберон/Компонентный Паскаль - наиболее совершенный потомок старого Паскаля по прямой линии. Все программы проверены и работают в популярном варианте Оберона -системе Блэкбокс, и доступны в исходниках на прилагаемом CD вместе с самой системой и дополнительными материалами. Большая часть материала книги составляет необходимый минимум знаний по алгоритмике не только для программистов-профессионалов, но и любых других специалистов, активно использующих программирование в работе. Книга может быть использована как учебное пособие при обучении будущих программистов, начиная со старшеклассников в профильном обучении, а также подходит для систематического самообразования.
Jazyk:ruština
Vydáno: Москва, ДМК Пресс, 2010
Edice:Классика программирования
Témata:
Médium: MixedMaterials
KOHA link:https://koha.lib.tpu.ru/cgi-bin/koha/opac-detail.pl?biblionumber=187557

MARC

LEADER 00000nmm0a2200000 4500
001 187557
005 20231101224056.0
010 |a 9785940745846 
035 |a (RuTPU)RU\TPU\book\203517 
090 |a 187557 
100 |a 20101117d2010 m y0rusy50 ca 
101 1 |a rus  |c eng 
102 |a RU 
105 |a a j 001zy 
200 1 |a Алгоритмы и структуры данных. Новая версия для Оберона CD  |e пер. с англ.  |f Н. Вирт 
210 |a Москва  |c ДМК Пресс  |d 2010 
215 |a 272 с.  |c ил.  |e CD-ROM 
225 1 |a Классика программирования 
320 |a Библиография в конце глав. 
320 |a Предметный указатель: с. 270-272. 
330 |a В классическом учебнике тьюринговского лауреата Н.Вирта аккуратно, на тщательно подобранных примерах прорабатываются основные темы алгоритмики - сортировка и поиск, рекурсия, динамические структуры данных.Перевод на русский язык выполнен заново, все рассуждения и программы проверены и исправлены, часть примеров по согласованию с автором переработана с целью максимального прояснения их логики (в том числе за счет использования цикла Дейкстры). Нотацией примеров теперь служит Оберон/Компонентный Паскаль - наиболее совершенный потомок старого Паскаля по прямой линии. Все программы проверены и работают в популярном варианте Оберона -системе Блэкбокс, и доступны в исходниках на прилагаемом CD вместе с самой системой и дополнительными материалами. Большая часть материала книги составляет необходимый минимум знаний по алгоритмике не только для программистов-профессионалов, но и любых других специалистов, активно использующих программирование в работе. Книга может быть использована как учебное пособие при обучении будущих программистов, начиная со старшеклассников в профильном обучении, а также подходит для систематического самообразования. 
606 1 |a Алгоритмы составления программ  |2 stltpush  |3 (RuTPU)RU\TPU\subj\69508  |9 84343 
610 1 |a данные 
610 1 |a структура 
610 1 |a сортировка 
610 1 |a рекурсивные алгоритмы 
610 1 |a динамические структуры 
610 1 |a хэширование 
610 1 |a CD-ROM 
610 1 |a информация 
675 |a 681.3.06  |v 3 
700 1 |a Вирт  |b Н.  |g Никлаус 
801 1 |a RU  |b 63413507  |c 20101117 
801 2 |a RU  |b 63413507  |c 20221208  |g RCR 
942 |c MX